|
|
|
|
| LEADER |
00000nam a2200000Ii 4500 |
| 001 |
DIGVIETO091 |
| 003 |
NyNyDIG |
| 007 |
cr ||||||||||| |
| 008 |
211118s2014 sp ob 000 0 spa d |
| 006 |
m o d |
| 035 |
|
|
|a (OCoLC)1287828935
|
| 040 |
|
|
|a DGITA
|b eng
|e rda
|e pn
|c DGITA
|
| 020 |
|
|
|z 9788494209772
|
| 043 |
|
|
|a e------
|
| 050 |
1 |
4 |
|a HG925 ebook
|
| 082 |
1 |
4 |
|a 332.494
|
| 100 |
1 |
|
|a Monereo, Manolo,
|e author.
|
| 245 |
1 |
0 |
|a Por Europa y contra el sistema euro /
|c Manolo Monereo, Enric Llopis ; prólogo de Héctor Illueca.
|
| 264 |
|
1 |
|a [Barcelona, Spain] :
|b El Viejo Topo,
|c [2014]
|
| 300 |
|
|
|a 1 online resource.
|
| 336 |
|
|
|a text
|b txt
|2 rdacontent
|
| 337 |
|
|
|a computer
|b c
|2 rdamedia
|
| 338 |
|
|
|a online resource
|b cr
|2 rdacarrier
|
| 347 |
|
|
|a text file
|2 rdaft
|
| 347 |
|
|
|b PDF
|
| 504 |
|
|
|a Includes bibliographical references.
|
| 588 |
0 |
|
|a Online resource; title from PDF title page (Digitalia, viewed November 18, 2021)
|
| 650 |
|
0 |
|a Monetary policy
|z European Union countries.
|
| 650 |
|
0 |
|a Euro.
|
| 651 |
|
0 |
|a European Union countries
|x Economic policy.
|
| 650 |
|
0 |
|a Eurozone.
|
| 655 |
|
0 |
|a Electronic books.
|
| 700 |
1 |
|
|a Llopis, Enric,
|e author.
|
| 700 |
1 |
|
|a Illueca Ballester, Héctor,
|e contributor agent of text.
|
| 791 |
2 |
|
|a Digitalia (Firm),
|e distributor.
|
| 793 |
0 |
|
|g Digitalia eBook Collection:
|a El Viejo Topo
|
| 776 |
0 |
8 |
|i Print version:
|a Monereo, Manolo.
|t Por Europa y contra el sistema euro.
|d [Barcelona, Spain] : El Viejo Topo, [2014]
|z 9788494209772
|
| 856 |
4 |
0 |
|3 Digitalia Hispánica
|u https://www.digitaliapublishing.com/a/57832/
|
| 910 |
|
|
|a Premium collection: 2021
|